<?xml version="1.0" encoding="UTF-8"?>
<record
    xmlns:xsi="http://www.w3.org/2001/XMLSchema-instance"
    xsi:schemaLocation="http://www.loc.gov/MARC21/slim http://www.loc.gov/standards/marcxml/schema/MARC21slim.xsd"
    xmlns="http://www.loc.gov/MARC21/slim">

  <leader>01156nam a22002777a 4500</leader>
  <controlfield tag="001">UTEA</controlfield>
  <controlfield tag="005">20250217092156.0</controlfield>
  <controlfield tag="006">g||||gr||||||01 nz</controlfield>
  <controlfield tag="007">ta</controlfield>
  <controlfield tag="008">190222b        espu||||| |||| 00| 0 spa d</controlfield>
  <datafield tag="020" ind1=" " ind2=" ">
    <subfield code="a">9788436826463</subfield>
  </datafield>
  <datafield tag="040" ind1=" " ind2=" ">
    <subfield code="a">utea</subfield>
    <subfield code="c">utea</subfield>
  </datafield>
  <datafield tag="041" ind1=" " ind2=" ">
    <subfield code="a">spa</subfield>
  </datafield>
  <datafield tag="044" ind1=" " ind2=" ">
    <subfield code="a">esp</subfield>
  </datafield>
  <datafield tag="082" ind1=" " ind2=" ">
    <subfield code="a">658.16</subfield>
    <subfield code="b">SCH31</subfield>
  </datafield>
  <datafield tag="100" ind1=" " ind2=" ">
    <subfield code="a">Schaan, Jaen Louis</subfield>
  </datafield>
  <datafield tag="245" ind1=" " ind2=" ">
    <subfield code="a">Gesti&#xF3;n de alianzas estrat&#xE9;gicas </subfield>
    <subfield code="b"> : Construyendo alianzas que funcionen /</subfield>
    <subfield code="c">Jean Louis Schaan</subfield>
    <subfield code="h">[Texto Impreso]</subfield>
  </datafield>
  <datafield tag="250" ind1=" " ind2=" ">
    <subfield code="a">Primera edici&#xF3;n</subfield>
  </datafield>
  <datafield tag="260" ind1=" " ind2=" ">
    <subfield code="a">[Madrid]</subfield>
    <subfield code="b">Pir&#xE1;mide</subfield>
    <subfield code="c">2012</subfield>
  </datafield>
  <datafield tag="300" ind1=" " ind2=" ">
    <subfield code="a">187 p&#xE1;ginas:</subfield>
    <subfield code="b">cuadros,tablas.</subfield>
    <subfield code="c">15.5 x 23 cm</subfield>
  </datafield>
  <datafield tag="505" ind1=" " ind2=" ">
    <subfield code="a">Contenido: motivaci&#xF3;n estrat&#xE9;gica:&#xBF;deber&#xED;a formar una alianza estrat&#xE9;gica? -- la selecci&#xF3;n correcta del socio -- negociaci&#xF3;n y dise&#xF1;o de la alianza -- implementando condiciones ganadoras -- la teor&#xED;a d las alianzas estrat&#xE9;gicas:una r&#xE1;pida visi&#xF3;n general -- casos pr&#xE1;cticos.</subfield>
  </datafield>
  <datafield tag="650" ind1=" " ind2="0">
    <subfield code="a">&#xBF;qu&#xE9; son las alianzas estrat&#xE9;gicas?</subfield>
    <subfield code="9">32590</subfield>
  </datafield>
  <datafield tag="650" ind1=" " ind2="0">
    <subfield code="a">La dimensi&#xF3;n personal</subfield>
    <subfield code="9">32592</subfield>
  </datafield>
  <datafield tag="650" ind1=" " ind2="0">
    <subfield code="a">La agenda del socio</subfield>
    <subfield code="9">32591</subfield>
  </datafield>
  <datafield tag="942" ind1=" " ind2=" ">
    <subfield code="2">ddc</subfield>
    <subfield code="c">BK</subfield>
    <subfield code="z">Cirila Celinda Molina Chirinos</subfield>
    <subfield code="e">2022-08-05</subfield>
  </datafield>
  <datafield tag="952" ind1=" " ind2=" ">
    <subfield code="0">0</subfield>
    <subfield code="1">0</subfield>
    <subfield code="2">ddc</subfield>
    <subfield code="4">0</subfield>
    <subfield code="7">0</subfield>
    <subfield code="8">EPTF2</subfield>
    <subfield code="a">BABA</subfield>
    <subfield code="b">BABA</subfield>
    <subfield code="c">SALA1</subfield>
    <subfield code="d">2019-02-22</subfield>
    <subfield code="e">CP</subfield>
    <subfield code="o">658.16 SCH31 2012</subfield>
    <subfield code="p">BABA19020188</subfield>
    <subfield code="y">BK</subfield>
  </datafield>
  <datafield tag="999" ind1=" " ind2=" ">
    <subfield code="c">6941</subfield>
    <subfield code="d">6941</subfield>
  </datafield>
</record>
